To Quito and back. (Record no. 139355)
[ view plain ]
| 000 -LEADER | |
|---|---|
| fixed length control field | 00633cam0a220022900 4500 |
| 001 - CONTROL NUMBER | |
| control field | qce01100784 |
| 005 - DATE AND TIME OF LATEST TRANSACTION | |
| control field | 20190823083223.0 |
| 008 - FIXED-LENGTH DATA ELEMENTS--GENERAL INFORMATION | |
| fixed length control field | 751113s1937 nyu 000 0 eng |
| 010 ## - LIBRARY OF CONGRESS CONTROL NUMBER | |
| LC control number | 37028420 |
| 035 ## - SYSTEM CONTROL NUMBER | |
| System control number | (Sirsi) r10487 |
| 035 ## - SYSTEM CONTROL NUMBER | |
| System control number | (QCAT)lss01095504 |
| 035 ## - SYSTEM CONTROL NUMBER | |
| System control number | (UPRA)qce01100784 |
| 040 ## - CATALOGING SOURCE | |
| Modifying agency | UPRA |
| 050 0# - LIBRARY OF CONGRESS CALL NUMBER | |
| Classification number | PS3515.E18 |
| Item number | T6 1937 |
| 082 ## - DEWEY DECIMAL CLASSIFICATION NUMBER | |
| Classification number | 812.5 |
| 100 1# - MAIN ENTRY--PERSONAL NAME | |
| Personal name | Hecht, Ben, 1893-1964. |
| Dates associated with a name | Hecht, Ben, 1893-1964. |
| Linkage | A64060.1 |
| 245 10 - TITLE STATEMENT | |
| Title | To Quito and back. |
| 260 ## - PUBLICATION, DISTRIBUTION, ETC. | |
| Place of publication, distribution, etc. | New York : |
| Name of publisher, distributor, etc. | Covici, Friede, |
| Date of publication, distribution, etc. | [c1937] |
| 500 ## - GENERAL NOTE | |
| General note | A play. |
| 949 ## - LOCAL PROCESSING INFORMATION (OCLC) | |
| a | PS3515.E18 |
| w | lcc |
| i | -2247 |
| m | MAIN |
| t | BOOK |
| l | ON-SHELF |
No items available.